Prueba de Argelia - Estadísticas

Estadísticas generales
  • Esta prueba ha sido intentada 1.664 veces
  • La puntuación promedio es 16 de 21
Estadísticas de respuestas
Pista Respuesta % Correcto
Capital y la ciudad más grande Argel
98%
País limítrofe Marruecos
97%
País limítrofe Túnez
96%
País limítrofe Libia
95%
Idiomas oficiales Árabe
93%
El desierto que cubre la mayor parte del país Sahara
93%
País europeo del que Argelia obtuvo su independencia en 1962 Francia
91%
País limítrofe Malí
90%
País limítrofe Mauritania
90%
País limítrofe Níger
88%
Argelia es el país más grande de África. ¿Cuál es el segundo más grande? República Democrática del Congo
87%
Al número entero más cercano, el porcentaje de argelinos que son islámicos 99%
74%
Exportación más importante Petróleo
70%
Cordillera que se extiende por el norte de Argelia Atlas
67%
Región de África del Norte de la que Argelia forma parte (pista: comienza con M) Magreb
60%
Una serie de guerras que terminaron con la destrucción de Cartago y el establecimiento del dominio romano Guerras Púnicas
59%
¿Cuál era la profesión de los corsarios de Berbería? Pirata
52%
Idiomas oficiales Beréber
50%
Moneda de Argelia Dinar
47%
La segunda ciudad más grande (pista: 4 letras) Orán
41%
Código de país de dos letras DZ
20%
No se encontraron pruebas coincidentes
Distribución de puntuación
Porcentaje de gente con cada puntuación
Porcentaje por número respondido
Historial de tus puntuaciones
No has intentado esta prueba.